000 00670nam a2200229Ia 4500
003 OSt
005 20220926030024.0
006 a|||||r|||| 00| 0
007 ta
008 220923b |||||||| |||| 00| 0 eng d
037 _cGeneral Book
040 _aRTL
_cRTL
_beng
041 _2eng
_aeng
082 _aXb4, J6
100 _aVining Rutledge
_9248368
245 0 _aEconomics in the United States of America
_b Review amd omterpretation of research
260 _aParis
_bUNESCO
_c1956
300 _a62p
_ccm.
490 _aDocumentation in the social sciences
942 _hXb4, J6
_cGB
_2CC
999 _c648479
_d648479